| 000 | 00439nam a2200169 a 4500 | ||
|---|---|---|---|
| 001 | 0000-8848 | ||
| 003 | ELIB.Books | ||
| 008 | 110520 1973 | ||
| 035 | _a(ELIB.Books)0000-8994 | ||
| 082 |
_a261.8 _bHud |
||
| 100 | _aHudson, R. Lorton | ||
| 245 | _aTil Divorce Do Us Part | ||
| 260 |
_bNew York: Thomas Nelson Inc. _c1973 |
||
| 650 | _aChristianity And Problem | ||
| 942 |
_2ddc _cBK |
||
| 998 |
_cbat _e2011-05-20 |
||
| 999 |
_c8848 _d8848 |
||